Nizozemsko nestaví laťku nízko. Udržíme aktivní obchodní bilanci?

Holandské kráľovstvo je tradičným obchodným partnerom ČSFR. V r. 1990 sa prejavil vzostupný trend obchodnej výmeny v strojárskych i nestrojárskych komoditách. Postavenie Holandska v čs. zahraničnom obchode sa upevnilo. Vývoj jednotlivých položiek vývozu a dovozu. Názory na vytváranie predpokladov ďa...

ver descrição completa

Na minha lista:
Detalhes bibliográficos
Autor principal: Makrlík, V.
Formato: Capítulo de Livro
Idioma:tcheco
Assuntos:
Tags: Adicionar Tag
Sem tags, seja o primeiro a adicionar uma tag!

MARC

LEADER 00000naa a2200000 4500
001 r003576
005 20221125080131.2
041 0 |a cze 
044 |a [CS] 
245 1 0 |a Nizozemsko nestaví laťku nízko.  |b Udržíme aktivní obchodní bilanci?  |c V. Makrlík 
520 |a Holandské kráľovstvo je tradičným obchodným partnerom ČSFR. V r. 1990 sa prejavil vzostupný trend obchodnej výmeny v strojárskych i nestrojárskych komoditách. Postavenie Holandska v čs. zahraničnom obchode sa upevnilo. Vývoj jednotlivých položiek vývozu a dovozu. Názory na vytváranie predpokladov ďalšieho rozvíjania spolupráce. 
610 2 0 |a obchod zahraničný 
610 2 0 |a ČSFR 
610 2 0 |a Holandsko 
610 2 0 |a 1990 
100 1 |a Makrlík, V.